000 01385nam a2200157Ia 4500
008 220216s9999 xx 000 0 und d
100 _aMcNeely J A
245 0 _aSocial and economic values of genetic conservation
260 _bIn : Proceedings of the international Symp. Genetic Conservation Trop. Trees, Chiang Mai, 1993, 26-33
_c1994
300 _a26-33
500 _aSource Year: 1996
520 _aThe historical relationship between people and forests and the role people have played in maintaining diversity in Asias forested habitats is reviewed. The economic roots of the loss of genetic diversity are discussed, with attention particularly focused on : subsidised energy in the form of oil, pesticides and transportation; single products resulting in large plantations of genetically similar trees; and response to global rather than local economic forces. The emergence of new forms of biotechnology presents great potential for a productive link between conservation and sustainable utilisation of genetic diversity and is likely to bring about profound changes in the relationship between people and forests in Southeast Asia. Implications of biotechnology for Asia, particularly for coffee, rubber and oil palm, based on series of reports from Rural Advancement Fund International, are described.
650 _aGenetic conservation
856 _uIRRDB
942 _cJS
999 _c68800
_d68800